Biblioteki Polonii Amerykańskiej
Biblioteka Instytutu Józefa Piłsudskiego w Ameryce
Library of the Józef Piłsudski Institute of America
Biblioteka imienia Alfreda Jurzykowskiego Polskiego Instytutu Naukowego w Ameryce
The Alfred Jurzykowski Memorial Library of the Polish Institute of Arts & Sciences of America
Biblioteka Marjanczyków Polskiej Fundacji Kulturalnej
The Marjanczyk Library of the Polish Cultural Foundation

Biblioteka Fundacji Kościuszkowskiej
Library of the Kosciuszko Foundation

The emancipation of the Polish peasantry. (Record no. 85634)

MARC details
000 -LEADER
fixed length control field 00766cam a2200253 4500
005 - DATE AND TIME OF LATEST TRANSACTION
control field 20250217035958.0
008 - FIXED-LENGTH DATA ELEMENTS--GENERAL INFORMATION
fixed length control field 700518s1969 ilub b 001 0 eng
010 ## - LIBRARY OF CONGRESS CONTROL NUMBER
LC control number 79092684
020 ## - INTERNATIONAL STANDARD BOOK NUMBER
International Standard Book Number 0226435245
040 ## - CATALOGING SOURCE
Original cataloging agency DLC
Transcribing agency DLC
Modifying agency DLC
Language of cataloging pol
043 ## - GEOGRAPHIC AREA CODE
Geographic area code e-pl---
-- e-ur-un
050 00 - LIBRARY OF CONGRESS CALL NUMBER
Classification number HD728
Item number .K47
082 00 - DEWEY DECIMAL CLASSIFICATION NUMBER
Classification number 333.3/2/0943
100 1# - MAIN ENTRY--PERSONAL NAME
Personal name Kieniewicz, Stefan.
9 (RLIN) 6097
245 14 - TITLE STATEMENT
Title The emancipation of the Polish peasantry.
260 ## - PUBLICATION, DISTRIBUTION, ETC.
Place of publication, distribution, etc. Chicago,
Name of publisher, distributor, etc. University of Chicago Press
Date of publication, distribution, etc. [1969]
300 ## - PHYSICAL DESCRIPTION
Extent xix, 285 p.
Other physical details map.
Dimensions 23 cm.
504 ## - BIBLIOGRAPHY, ETC. NOTE
Bibliography, etc. note Bibliography: p. 263-272.
650 #0 - SUBJECT ADDED ENTRY--TOPICAL TERM
Topical term or geographic name entry element Land tenure
Geographic subdivision Poland.
9 (RLIN) 11228
650 #0 - SUBJECT ADDED ENTRY--TOPICAL TERM
Topical term or geographic name entry element Land tenure
Geographic subdivision Galicia (Poland and Ukraine)
650 #0 - SUBJECT ADDED ENTRY--TOPICAL TERM
Topical term or geographic name entry element Land tenure
Geographic subdivision Silesia.
650 #0 - SUBJECT ADDED ENTRY--TOPICAL TERM
Topical term or geographic name entry element Land tenure
Geographic subdivision Pomeronia.
942 ## - ADDED ENTRY ELEMENTS (KOHA)
Source of classification or shelving scheme Other/Generic Classification Scheme
Koha item type Books
Holdings
Withdrawn status Lost status Source of classification or shelving scheme Damaged status Not for loan Home library Current library Date acquired Total checkouts Full call number Date last seen Price effective from Koha item type
    Library of Congress Classification     The Marjanczyk Library of the Polish Cultural Foundation The Marjanczyk Library of the Polish Cultural Foundation 10/31/2017   HD728 .K546 1969 10/31/2017 10/31/2017 Books